000 00630nam a2200229Ia 4500
005 20260320201946.0
008 008 262003s9999 xx 000 0 eng d
037 _aEBOOK
040 _aCRL
040 _beng
040 _cCRL
041 _2eng
041 _aeng
084 _qCRL
100 _aVerham
_91136420
245 0 _aSecuring Cloud PCs and Azure Virtual Desktop: Start implementing and optimizing security for Windows 365 and AVD infrastructure
260 _bIEEE
856 _uhttps://ieeexplore.ieee.org/servlet/opac?bknumber=10769344
942 _cEBOOK
999 _c1724503
_d1724503